<?xml version="1.0" encoding="UTF-8"?><?xml-stylesheet type="text/xsl" href="static/style.xsl"?><OAI-PMH xmlns="http://www.openarchives.org/OAI/2.0/" xmlns:xsi="http://www.w3.org/2001/XMLSchema-instance" xsi:schemaLocation="http://www.openarchives.org/OAI/2.0/ http://www.openarchives.org/OAI/2.0/OAI-PMH.xsd"><responseDate>2026-05-15T10:38:08Z</responseDate><request verb="GetRecord" identifier="oai:riubu.ubu.es:10259/8848" metadataPrefix="marc">https://riubu.ubu.es/oai/request</request><GetRecord><record><header><identifier>oai:riubu.ubu.es:10259/8848</identifier><datestamp>2025-10-02T07:58:58Z</datestamp><setSpec>com_10259_4219</setSpec><setSpec>com_10259_5086</setSpec><setSpec>com_10259_2604</setSpec><setSpec>col_10259_4220</setSpec></header><metadata><record xmlns="http://www.loc.gov/MARC21/slim" xmlns:doc="http://www.lyncode.com/xoai" xmlns:xsi="http://www.w3.org/2001/XMLSchema-instance" xmlns:dcterms="http://purl.org/dc/terms/" xsi:schemaLocation="http://www.loc.gov/MARC21/slim http://www.loc.gov/standards/marcxml/schema/MARC21slim.xsd">
<leader>00925njm 22002777a 4500</leader>
<datafield tag="042" ind1=" " ind2=" ">
<subfield code="a">dc</subfield>
</datafield>
<datafield tag="720" ind1=" " ind2=" ">
<subfield code="a">Ortega Suero, Gloria</subfield>
<subfield code="e">author</subfield>
</datafield>
<datafield tag="720" ind1=" " ind2=" ">
<subfield code="a">Abenza Abildúa, María José</subfield>
<subfield code="e">author</subfield>
</datafield>
<datafield tag="720" ind1=" " ind2=" ">
<subfield code="a">Serrano Munuera, Carmen</subfield>
<subfield code="e">author</subfield>
</datafield>
<datafield tag="720" ind1=" " ind2=" ">
<subfield code="a">Rouco-Axpe, Idoia</subfield>
<subfield code="e">author</subfield>
</datafield>
<datafield tag="720" ind1=" " ind2=" ">
<subfield code="a">Arpa Gutiérrez, Francisco Javier</subfield>
<subfield code="e">author</subfield>
</datafield>
<datafield tag="720" ind1=" " ind2=" ">
<subfield code="a">Adarmes Gómez, Astrid D.</subfield>
<subfield code="e">author</subfield>
</datafield>
<datafield tag="720" ind1=" " ind2=" ">
<subfield code="a">Rodríguez de Rivera, Francisco Javier</subfield>
<subfield code="e">author</subfield>
</datafield>
<datafield tag="720" ind1=" " ind2=" ">
<subfield code="a">Quintans Castro, Beatriz</subfield>
<subfield code="e">author</subfield>
</datafield>
<datafield tag="720" ind1=" " ind2=" ">
<subfield code="a">Posada Rodríguez, Ignacio Javier</subfield>
<subfield code="e">author</subfield>
</datafield>
<datafield tag="720" ind1=" " ind2=" ">
<subfield code="a">Vadillo Bermejo, Alfonso</subfield>
<subfield code="e">author</subfield>
</datafield>
<datafield tag="720" ind1=" " ind2=" ">
<subfield code="a">Domingo Santos, Ángela</subfield>
<subfield code="e">author</subfield>
</datafield>
<datafield tag="720" ind1=" " ind2=" ">
<subfield code="a">Blanco Vicente, Esther</subfield>
<subfield code="e">author</subfield>
</datafield>
<datafield tag="720" ind1=" " ind2=" ">
<subfield code="a">Infante, Jon</subfield>
<subfield code="e">author</subfield>
</datafield>
<datafield tag="720" ind1=" " ind2=" ">
<subfield code="a">Pardo Fernández, Julio</subfield>
<subfield code="e">author</subfield>
</datafield>
<datafield tag="720" ind1=" " ind2=" ">
<subfield code="a">Costa Arpín, Eva</subfield>
<subfield code="e">author</subfield>
</datafield>
<datafield tag="720" ind1=" " ind2=" ">
<subfield code="a">Painous Martí, Cèlia</subfield>
<subfield code="e">author</subfield>
</datafield>
<datafield tag="720" ind1=" " ind2=" ">
<subfield code="a">Muñóz, Josep Esteban</subfield>
<subfield code="e">author</subfield>
</datafield>
<datafield tag="720" ind1=" " ind2=" ">
<subfield code="a">Mir, Pablo</subfield>
<subfield code="e">author</subfield>
</datafield>
<datafield tag="720" ind1=" " ind2=" ">
<subfield code="a">Montón Álvarez, Fernando I.</subfield>
<subfield code="e">author</subfield>
</datafield>
<datafield tag="720" ind1=" " ind2=" ">
<subfield code="a">Bataller Alberola, Luis</subfield>
<subfield code="e">author</subfield>
</datafield>
<datafield tag="720" ind1=" " ind2=" ">
<subfield code="a">Gascón Bayarri, Jordi</subfield>
<subfield code="e">author</subfield>
</datafield>
<datafield tag="720" ind1=" " ind2=" ">
<subfield code="a">Casasnovas Pons, Carlos</subfield>
<subfield code="e">author</subfield>
</datafield>
<datafield tag="720" ind1=" " ind2=" ">
<subfield code="a">Vélez-Santamaria, Valentina</subfield>
<subfield code="e">author</subfield>
</datafield>
<datafield tag="720" ind1=" " ind2=" ">
<subfield code="a">López de Munáin, Adolfo L.</subfield>
<subfield code="e">author</subfield>
</datafield>
<datafield tag="720" ind1=" " ind2=" ">
<subfield code="a">Fernández Eulate, Gorka</subfield>
<subfield code="e">author</subfield>
</datafield>
<datafield tag="720" ind1=" " ind2=" ">
<subfield code="a">Gazulla Abió, José</subfield>
<subfield code="e">author</subfield>
</datafield>
<datafield tag="720" ind1=" " ind2=" ">
<subfield code="a">Sanz Gallego, Irene</subfield>
<subfield code="e">author</subfield>
</datafield>
<datafield tag="720" ind1=" " ind2=" ">
<subfield code="a">Rojas Bartolomé, Laura</subfield>
<subfield code="e">author</subfield>
</datafield>
<datafield tag="720" ind1=" " ind2=" ">
<subfield code="a">Ayo Martín, Óscar</subfield>
<subfield code="e">author</subfield>
</datafield>
<datafield tag="720" ind1=" " ind2=" ">
<subfield code="a">Segura Martín, Tomas</subfield>
<subfield code="e">author</subfield>
</datafield>
<datafield tag="720" ind1=" " ind2=" ">
<subfield code="a">González Mingot, Cristina</subfield>
<subfield code="e">author</subfield>
</datafield>
<datafield tag="720" ind1=" " ind2=" ">
<subfield code="a">Baraldés Rovira, Mariona</subfield>
<subfield code="e">author</subfield>
</datafield>
<datafield tag="720" ind1=" " ind2=" ">
<subfield code="a">Sivera Mascaró, Rafael</subfield>
<subfield code="e">author</subfield>
</datafield>
<datafield tag="720" ind1=" " ind2=" ">
<subfield code="a">Cubo Delgado, Esther</subfield>
<subfield code="e">author</subfield>
</datafield>
<datafield tag="720" ind1=" " ind2=" ">
<subfield code="a">Echevarría Iñiguez, Ana</subfield>
<subfield code="e">author</subfield>
</datafield>
<datafield tag="720" ind1=" " ind2=" ">
<subfield code="a">Vázquez Sánchez, Fernando</subfield>
<subfield code="e">author</subfield>
</datafield>
<datafield tag="720" ind1=" " ind2=" ">
<subfield code="a">Bártulos Iglesias, Mónica</subfield>
<subfield code="e">author</subfield>
</datafield>
<datafield tag="720" ind1=" " ind2=" ">
<subfield code="a">Casadevall Codina, Miquel</subfield>
<subfield code="e">author</subfield>
</datafield>
<datafield tag="720" ind1=" " ind2=" ">
<subfield code="a">Martínez Fernández, Eva María</subfield>
<subfield code="e">author</subfield>
</datafield>
<datafield tag="720" ind1=" " ind2=" ">
<subfield code="a">Labandeira, Carmen</subfield>
<subfield code="e">author</subfield>
</datafield>
<datafield tag="720" ind1=" " ind2=" ">
<subfield code="a">Alemany Perna, Berta</subfield>
<subfield code="e">author</subfield>
</datafield>
<datafield tag="720" ind1=" " ind2=" ">
<subfield code="a">Carvajal Hernández, Alejandra</subfield>
<subfield code="e">author</subfield>
</datafield>
<datafield tag="720" ind1=" " ind2=" ">
<subfield code="a">Fernández Moreno, Carmen</subfield>
<subfield code="e">author</subfield>
</datafield>
<datafield tag="720" ind1=" " ind2=" ">
<subfield code="a">Palacín Larroy, Marta</subfield>
<subfield code="e">author</subfield>
</datafield>
<datafield tag="720" ind1=" " ind2=" ">
<subfield code="a">Caballol, Núria</subfield>
<subfield code="e">author</subfield>
</datafield>
<datafield tag="720" ind1=" " ind2=" ">
<subfield code="a">Ávila Rivera, María A.</subfield>
<subfield code="e">author</subfield>
</datafield>
<datafield tag="720" ind1=" " ind2=" ">
<subfield code="a">Navacerrada, Francisco</subfield>
<subfield code="e">author</subfield>
</datafield>
<datafield tag="720" ind1=" " ind2=" ">
<subfield code="a">Lobato Rodríguez, Ricardo</subfield>
<subfield code="e">author</subfield>
</datafield>
<datafield tag="720" ind1=" " ind2=" ">
<subfield code="a">Sobrido Gómez, María Jesús</subfield>
<subfield code="e">author</subfield>
</datafield>
<datafield tag="260" ind1=" " ind2=" ">
<subfield code="c">2023-03</subfield>
</datafield>
<datafield tag="520" ind1=" " ind2=" ">
<subfield code="a">Introducción: Las ataxias (AT) y paraparesias espásticas hereditarias (PEH) son síndromes neurodegenerativos raros. Nos proponemos conocer la prevalencia de las AT y PEH en Espana˜ en&#xd;
2019.&#xd;
Pacientes y métodos: Estudio transversal, multicéntrico, descriptivo y retrospectivo de los&#xd;
pacientes con AT y PEH, desde marzo de 2018 a diciembre de 2019 en toda Espana. ˜&#xd;
Resultados: Se obtuvo información de 1933 pacientes procedentes de 11 Comunidades Autónomas, de 47 neurólogos o genetistas. Edad media: 53,64 anos ˜ ± 20,51 desviación estándar (DE);&#xd;
938 varones (48,5%), 995 mujeres (51,5%). En 920 pacientes (47,6%) no se conoce el defecto&#xd;
genético. Por patologías, 1.371 pacientes (70,9%) diagnosticados de AT, 562 diagnosticados de&#xd;
PEH (29,1%). La prevalencia estimada de AT es 5,48/100.000 habitantes, y la de PEH es 2,24&#xd;
casos/100.000 habitantes. La AT dominante más frecuente es la SCA3. La AT recesiva más frecuente es la ataxia de Friedreich (FRDA). La PEH dominante más frecuente es la SPG4, y la PEH&#xd;
recesiva más frecuente es la SPG7.&#xd;
Conclusiones: La prevalencia estimada de AT y PEH en nuestra serie es de 7,73 casos/100.000&#xd;
habitantes. Estas frecuencias son similares a las del resto del mundo. En el 47,6% no se ha&#xd;
conseguido un diagnóstico genético. A pesar de las limitaciones, este estudio puede contribuir&#xd;
a estimar los recursos, visibilizar estas enfermedades, detectar las mutaciones más frecuentes&#xd;
para hacer los screenings por comunidades, y favorecer los ensayos clínicos.</subfield>
</datafield>
<datafield tag="520" ind1=" " ind2=" ">
<subfield code="a">Introduction: Ataxia and hereditary spastic paraplegia are rare neurodegenerative syndromes.&#xd;
We aimed to determine the prevalence of these disorders in Spain in 2019.&#xd;
Patients and methods: We conducted a cross-sectional, multicentre, retrospective, descriptive study of patients with ataxia and hereditary spastic paraplegia in Spain between March&#xd;
2018 and December 2019. Results: We gathered data from a total of 1933 patients from 11 autonomous communities,&#xd;
provided by 47 neurologists or geneticists. Mean (SD) age in our sample was 53.64 (20.51)&#xd;
years; 938 patients were men (48.5%) and 995 were women (51.5%). The genetic defect was&#xd;
unidentified in 920 patients (47.6%). A total of 1371 patients (70.9%) had ataxia and 562 (29.1%)&#xd;
had hereditary spastic paraplegia. Prevalence rates for ataxia and hereditary spastic paraplegia&#xd;
were estimated at 5.48 and 2.24 cases per 100 000 population, respectively. The most frequent&#xd;
type of dominant ataxia in our sample was SCA3, and the most frequent recessive ataxia was&#xd;
Friedreich ataxia. The most frequent type of dominant hereditary spastic paraplegia in our&#xd;
sample was SPG4, and the most frequent recessive type was SPG7.&#xd;
Conclusions: In our sample, the estimated prevalence of ataxia and hereditary spastic paraplegia was 7.73 cases per 100 000 population. This rate is similar to those reported for other&#xd;
countries. Genetic diagnosis was not available in 47.6% of cases. Despite these limitations, our&#xd;
study provides useful data for estimating the necessary healthcare resources for these patients,&#xd;
raising awareness of these diseases, determining the most frequent causal mutations for local&#xd;
screening programmes, and promoting the development of clinical trials.</subfield>
</datafield>
<datafield tag="024" ind2=" " ind1="8">
<subfield code="a">0213-4853</subfield>
</datafield>
<datafield tag="024" ind2=" " ind1="8">
<subfield code="a">http://hdl.handle.net/10259/8848</subfield>
</datafield>
<datafield tag="024" ind2=" " ind1="8">
<subfield code="a">10.1016/j.nrl.2021.01.006</subfield>
</datafield>
<datafield ind1=" " ind2=" " tag="653">
<subfield code="a">Mapa genético</subfield>
</datafield>
<datafield ind1=" " ind2=" " tag="653">
<subfield code="a">Ataxias</subfield>
</datafield>
<datafield ind1=" " ind2=" " tag="653">
<subfield code="a">Paraparesias espásticas hereditarias</subfield>
</datafield>
<datafield ind1=" " ind2=" " tag="653">
<subfield code="a">Epidemiología</subfield>
</datafield>
<datafield ind1=" " ind2=" " tag="653">
<subfield code="a">Genética</subfield>
</datafield>
<datafield ind1=" " ind2=" " tag="653">
<subfield code="a">Genetic map</subfield>
</datafield>
<datafield ind1=" " ind2=" " tag="653">
<subfield code="a">Ataxia</subfield>
</datafield>
<datafield ind1=" " ind2=" " tag="653">
<subfield code="a">Hereditary spastic paraplegia</subfield>
</datafield>
<datafield ind1=" " ind2=" " tag="653">
<subfield code="a">Epidemiology</subfield>
</datafield>
<datafield ind1=" " ind2=" " tag="653">
<subfield code="a">Genetics</subfield>
</datafield>
<datafield tag="245" ind1="0" ind2="0">
<subfield code="a">Mapa epidemiológico transversal de las ataxias y paraparesias espásticas hereditarias en España</subfield>
</datafield>
</record></metadata></record></GetRecord></OAI-PMH>